Tumakuru Jille: Sahitya Charitre: (Record no. 228068)

MARC details
000 -LEADER
fixed length control field 03959nam a22002177a 4500
005 - DATE AND TIME OF LATEST TRANSACTION
control field 20230722100158.0
008 - FIXED-LENGTH DATA ELEMENTS--GENERAL INFORMATION
fixed length control field 230722b ||||| |||| 00| 0 eng d
020 ## - INTERNATIONAL STANDARD BOOK NUMBER
International Standard Book Number 9789392623004
040 ## - CATALOGING SOURCE
Transcribing agency AL
041 ## - LANGUAGE CODE
Language code of text/sound track or separate title kan
082 ## - DEWEY DECIMAL CLASSIFICATION NUMBER
Edition number 23
Classification number K894.9
Item number YOGT
100 ## - MAIN ENTRY--PERSONAL NAME
Personal name D N Yogeeshwarappa: ಡಿ ಎನ್ ಯೋಗೀಶ್ವರಪ್ಪ
100 ## - MAIN ENTRY--PERSONAL NAME
9 (RLIN) 128104
245 ## - TITLE STATEMENT
Title Tumakuru Jille: Sahitya Charitre:
Remainder of title ತುಮಕೂರು ಜಿಲ್ಲೆ: ಸಾಹಿತ್ಯ ಚರಿತ್ರೆ
260 ## - PUBLICATION, DISTRIBUTION, ETC.
Place of publication, distribution, etc. Bengaluru
Name of publisher, distributor, etc. Priyadarshini Prakashana
Date of publication, distribution, etc. 2022
300 ## - PHYSICAL DESCRIPTION
Extent ix,621p.
Other physical details PB
Dimensions 22x15cm.
365 ## - TRADE PRICE
Source of price type code Kannada
Price type code BLCR-000022
Price amount 480.00
Currency code
Unit of pricing 600.000
Price note 20%
Price effective from 11-07-2023
520 ## - SUMMARY, ETC.
Summary, etc. ಡಾ. ಡಿ. ಎನ್. ಯೋಗೀಶ್ವರಪ್ಪ ನವರು ನಾಡಿನ ಇತಿಹಾಸ ಸಂಶೋಧಕರಲ್ಲಿ ಒಬ್ಬರು. ತುಮಕೂರು ಜಿಲ್ಲೆಗೆ ಸಂಬಂಧಪಟ್ಟ ಬಹಳಷ್ಟು ಸಂಶೋಧನಾತ್ಮಕವಾದ ಲೇಖನಗಳು, ಕೃತಿಗಳನ್ನು ಕೊಟ್ಟಿರುವುದು ಇವರ ವಿಶೇಷತೆ. ಯಾವುದೇ ಒಂದು ವಿಷಯವನ್ನು ತೆಗೆದು ಕೊಂಡರೆ, ಇತಿಹಾಸಕ್ಕೆ ಸಂಬಂಧ ಪಟ್ಟ ಅನುಮಾನಗಳು ಬಂದರೆ ಅದನ್ನು ತಳಸ್ಪರ್ಶಿಯಾಗಿ ಅಧ್ಯಯನ ಮಾಡಿ ಅದಕ್ಕೆ ನಿಖರವಾದ ಮಾಹಿತಿ ಯೊಂದಿಗೆ ಪುನರ್ ಸ್ಥಾಪಿಸುವಂತಹ ಅಧ್ಯಯನಶೀಲತೆ ಇವರದು. ಇವರು ಕೃತಿ ‘ತುಮಕೂರು ಜಿಲ್ಲೆ ಸಾಹಿತ್ಯ ಚರಿತ್ರೆ’ ಒಂದು ಜಿಲ್ಲೆಯ ಬಗ್ಗೆ ಸಾಹಿತ್ಯದ ಪೂರ್ಣ ಮಾಹಿತಿ ಸಂಗ್ರಹ ಇದರಲ್ಲಿದೆ. ಎಲ್ಲಾ ಕಾಲಕ್ಕೂ ಉಳಿಯುವಂತ ಮೌಲ್ಯಯುತವಾದ ಕೃತಿ. ಆಕರ್ಷಕವಾದ ಮುಖಪುಟ , ವಿನ್ಯಾಸ ಹೊಂದಿದ್ದು. ಜಿಲ್ಲೆಯ ೧೦ ತಾಲ್ಲೂಕಿನ ಸಾಹಿತ್ಯ ಕ್ಷೇತ್ರದ ಪೂರ್ಣ ವಿವರಗಳು ಇದರಲ್ಲಿದೆ.ಪರಿವಿಡಿಯಲ್ಲಿ ಸಾಹಿತ್ಯ ಪರಂಪರೆ, ಗ್ರಂಥ ಸಾಹಿತ್ಯ, ತಾಲ್ಲೂಕ್ ವಾರು ಸಾಹಿತ್ಯ ಪರಿಚಯ, ಸಾಹಿತ್ಯ ವೈಶಿಷ್ಟ್ಯತೆಯಲ್ಲಿ ಭಾಗ೧ಭಾಗ೨ಸಮಾರೋಪ,ಅನುಬಂಧಗಳನ್ನು ಒಳಗೊಂಡಿದೆ. ೧೮೦೦ರಿಂದ೧೯೪೭ ರ ವರೆಗಿನ ಕಾಲಘಟ್ಟವನ್ನು ಇಲ್ಲಿ ತೆಗೆದುಕೊಳ್ಳಲಾಗಿದೆ. ಪರಿಚಯಕ್ಕಷ್ಟೇ ಕೃತಿ ಮೀಸಲಾಗಿರದೆ, ಕ್ರಮಬದ್ದವಾದ ಅಧ್ಯಯನದ ದಾಖಲಾತಿ ಇಲ್ಲಿ ವಿಶೇಷವಾಗಿದೆ. ಕವಿಯ ಹೆಸರು ಕೃತಿ ಕಾಲ ಮನೆತನ, ಸ್ಥಳ, ಶಾಸನಗಳು ಶಿಲೆ, ತಾಮ್ರವನ್ನು ಕುರಿತು. ಕೋಷ್ಠಕಗಳು. ಹೀಗೆ ಎಲ್ಲವನ್ನು ಪರಿಗಣನೆಗೆ ತೆಗೆದುಕೊಂಡು , ಶಿಸ್ತುಬದ್ದವಾಗಿ ರಚಿಸಿದ್ದಾರೆ. ಬಹಳ ತಾಳ್ಮೆ, ಪರಿಶ್ರಮದಿಂದ ಮಾಡಿದ ಕೆಲಸ. ವಿವೇಚನಾಯುಕ್ತವಾದ ವಿಶ್ಲೇಷಣೆ, ವಿಷಯ ಸಂಗ್ರಹ ದಿಂದ ತುಮಕೂರು ಜಿಲ್ಲೆಯ ಸಾಹಿತ್ಯ ಚರಿತ್ರೆಗೆ ಕೊಟ್ಟ ಅಪೂರ್ವ ಕಾಣಿಕೆ ಎನ್ನಬಹುದು.
650 ## - SUBJECT ADDED ENTRY--TOPICAL TERM
Topical term or geographic name entry element Kannada Literature: ಕನ್ನಡ ಸಾಹಿತ್ಯ
9 (RLIN) 128105
700 ## - ADDED ENTRY--PERSONAL NAME
Personal name YOGEESHWARAPPA (D N): ಯೋಗೀಶ್ವರಪ್ಪ (ಡಿ ಎನ್)
9 (RLIN) 128106
942 ## - ADDED ENTRY ELEMENTS (KOHA)
Source of classification or shelving scheme Dewey Decimal Classification
Koha item type Book
Holdings
Withdrawn status Lost status Source of classification or shelving scheme Damaged status Not for loan Collection code Home library Current library Date acquired Source of acquisition Cost, normal purchase price Total Checkouts Full call number Barcode Date last seen Cost, replacement price Price effective from Koha item type
    Dewey Decimal Classification     Kannada St Aloysius Library St Aloysius Library 07/19/2023 Navakarnataka Publications Pvt Ltd Mangaluru 575001 480.00   K894.9 YOGT 076575 07/22/2023 600.00 07/22/2023 Book